000 00627nam a2200217 4500
003 OSt
005 20240619054315.0
006 a
008 240619b |||||||| |||| 00| 0 eng d
020 _a9710866907
040 _aDWCL-Main lib.
_cOC
082 _aFil. 310 P156s 2006
100 _aPaler-Calmorin, Laurentina
245 _aStatistics for secondary students /
260 _aMandaluyong City, Phils. :
_bNational Book Store,
_cc2006.
300 _ax,
_b257 p. : ill. ;
_c25 cm.
504 _aIncludes appendix.
650 _a1. Statistics.
650 _a2. Statistical techniques.
942 _2ddc
_n0
_cBK - FIL
_kFil.
999 _c886
_d886